| 000 | 00459nam a2200121Ia 4500 | ||
|---|---|---|---|
| 008 | 160712s9999 xx 000 0 und d | ||
| 100 | _aPetras, Jayson D. | ||
| 245 |
_cJayson D. Petras _aPangunahing Reporma Ko Ang Pagtataguyod ng Filipino: Panayam kay Dr. Jose V. Abueva |
||
| 260 |
_c2012 _bDaluyan: Journal ng Wikang Filipino |
||
| 300 | _avol. 18 no. 1-2 | ||
| 650 | _xFILIPINO | ||
| 856 | _uhttp://journals.upd.edu.ph/index.php/djwf/issue/view/340/showToc | ||
| 999 |
_c297425 _d297425 |
||